000 02133nam a22003137a 4500
001 289
003 OSt
005 20250617151231.0
008 250317b |||||||g |||| 00| 0 eng d
020 _a8501029122
040 _bpor
041 _heng
_apor
082 _a158.1
_bF828c
100 1 _aFrank, Milo O.,
_d1928-
_9543
240 _aHow to get your point across in 30 seconds
245 _aComo apresentar suas ideias em 30 segundos, ou menos
_cFrank, MIlo. O. ; Tradução de Mario Silvio Molina
250 _a14° ed.
260 _aRio de Janeiro
_bRecord
_c2003
300 _a129 p.
520 _aO mundo contemporâneo exige que as pessoas vivam a mil, sempre apressadas, resolvendo milhares de problemas no mesmo tempo. Se você tem grandes objetivos na vida, não pode deixar ninguém esperando, precisa ser o primeiro a chegar e defender objetivamente suas opiniões. Como apresentar suas idéias em 30 segundos – ou menos mostra que você pode ser ágil para acompanhar o ritmo das negociações e das relações com chefes, subordinados e colegas de trabalho.Saber se expressar é fundamental para difundir idéias, defender argumentos, convencer e fazer valer suas opiniões. Comunicação eficaz é transmitir para outros aquilo que está guardando em sua mente, é compartilhar pensamentos e interagir com o mundo em sua à sua volta. No entanto, o mundo não vai esperar que você elabore argumentos minuciosos e apresente coisas irrelevantes. É necessário aprender a falar aquilo que importa; capturar a atenção das pessoas por tempo suficiente para que entendam o que você está dizendo e façam aquilo que você deseja. Trinta segundos é tudo que se tem para expressar suas opiniões e conquistar o interesse de seu interlocutor. Este livro ensina como atingir níveis de sucesso nunca imaginados.
650 0 _aLiteratura Americana
_984
650 0 _aComunicação
_9544
650 0 _aAuto Conhecimento
_919
650 0 _aAdministração
_9545
650 0 _aDesenvolvimento Pessoal
_9546
655 0 _aNão Ficção
_9102
700 _aMario Silvio Molina
_eTradução
_9547
942 _2ddc
_n0
_cBK
999 _c289
_d289